Tài liệu chuyên tiếng Anh 10 :

Quyển sách gồm 4 chuyên đề: nghe - nói, đọc, viết, ngữ âm - từ vựng - ngữ pháp; là nguồn tham khảo hữu ích cho giáo viên để xây dựng các bài giảng trên lớp, đồng thời giúp cho học sinh tự học để củng cố các kĩ năng và nâng cao kiến thứ...

全面介绍

Đã lưu trong:
书目详细资料
主要作者: Hoàng, Thị Xuân Hoa
格式: 图书
语言:Undetermined
出版: Tp. Hồ Chí Minh Giáo dục Việt Nam 2013
主题:
标签: 添加标签
没有标签, 成为第一个标记此记录!
Thư viện lưu trữ: Trung tâm Học liệu Trường Đại học Cần Thơ
LEADER 01107nam a2200217Ia 4500
001 CTU_184812
008 210402s9999 xx 000 0 und d
020 |c 34000 
082 |a 428.00712 
082 |b H401 
100 |a Hoàng, Thị Xuân Hoa 
245 0 |a Tài liệu chuyên tiếng Anh 10 : 
245 0 |c Hoàng Thị Xuân Hoa chủ biên ... [et al.] 
260 |a Tp. Hồ Chí Minh 
260 |b Giáo dục Việt Nam 
260 |c 2013 
520 |a Quyển sách gồm 4 chuyên đề: nghe - nói, đọc, viết, ngữ âm - từ vựng - ngữ pháp; là nguồn tham khảo hữu ích cho giáo viên để xây dựng các bài giảng trên lớp, đồng thời giúp cho học sinh tự học để củng cố các kĩ năng và nâng cao kiến thức trong các bình diện ngôn ngữ. 
650 |a English language,Tiếng Anh 
650 |x Study and teaching (Secondary),Dạy và học (Trung học) 
904 |i Tuyến 
980 |a Trung tâm Học liệu Trường Đại học Cần Thơ